000 00901nam a2200241 4500
001 39915
003 BD-RjUL
005 20211209053104.0
008 160419s১৯৭০ ii ||||| |||| 00| f ben d
020 _c: Tk. 30.00
035 _a(BD-RjUL) 40029
040 _aBD-RjUL
_bben
_cBD-RjUL
041 _aben
082 _223
_a891.723
_bGOC 1970
100 _aগোগোল, নিকোলাই ভি
_9122950
245 1 0 _aছদ্মবেশী /
_cনিকোলাই ভি গোগোল ; আবুল ফজল অনূদিত
260 _aঢাকা :
_bবাংলা একাডেমী,
_c১৯৭০
300 _a[৪], ১৪৭ পৃ. ;
_c২১ সেমি.
650 _aরাশিয়ান উপন্যাস
_9122082
650 _aRussia fiction
_9122961
700 _aফজল, আবুল, অনূবাদক
_9122962
942 _2ddc
_cBK
999 _c39915
_d39915